[Event "IECG CE.2003.0.00054 email"]
[Site "IECG email"]
[Date "2003.05.29"]
[Round "?"]
[White "Kory, Misha"]
[Black "Salzmann, Peter"]
[Result "0-1"]
[WhiteElo "1350"]
[BlackElo "1250"]
[PlyCount "47"]
[EventDate "2003.05.29"]
[EventType "tourn (corr)"]
[EventRounds "6"]
[SourceTitle "Corr 2008"]
[Source "ChessBase"]
[SourceDate "2008.06.24"]
[SourceVersion "1"]
[SourceVersionDate "2008.06.24"]
[SourceQuality "1"]

1. e4 e6 2. d4 Nf6 3. Nc3 d5 4. e5 Nfd7 5. Nf3 Be7 6. Bd3 c6 7. 0-0 0-0 8. a3 c5 9. dxc5 Nxc5 10. b4 Nxd3 11. cxd3 f6 12. Re1 Nc6 13. d4 fxe5 14. Nxe5 Nxe5 15. dxe5 a5 16. Rb1 Qe8 17. Qd4 axb4 18. axb4 Bd7 19. b5 Rc8 20. b6 Bc5 21. Qg4 Bxf2+ 22. Kf1 h5 23. Qe2 Bd4+ 24. Bf4 0-1